Zhvillimi i sistemit per regjistrimin e pacientëve me tuberkuloz në ASP.NET MVC 5 (Record no. 45988)
[ view plain ]
| 000 -LEADER | |
|---|---|
| fixed length control field | 00327nam a22001217a 4500 |
| 008 - FIXED-LENGTH DATA ELEMENTS--GENERAL INFORMATION | |
| fixed length control field | 180518b xxu||||| |||| 00| 0 eng d |
| 041 ## - LANGUAGE CODE | |
| Language code of text/sound track or separate title | eng |
| 080 ## - UNIVERSAL DECIMAL CLASSIFICATION NUMBER | |
| Universal Decimal Classification number | 043.3 |
| 100 ## - Rafti | |
| Rafti | 0 |
| 101 ## - Shkurtesa | |
| Shkurtesa | SHKI-BTH |
| 245 ## - TITLE STATEMENT | |
| Title | Zhvillimi i sistemit per regjistrimin e pacientëve me tuberkuloz në ASP.NET MVC 5 |
| Statement of responsibility, etc | Belegu,A |
| 942 ## - ADDED ENTRY ELEMENTS (KOHA) | |
| Source of classification or shelving scheme | |
| Item type | Books |
| Withdrawn status | Lost status | Source of classification or shelving scheme | Damaged status | Not for loan | Collection code | Permanent location | Current location | Shelving location | Date acquired | Total Checkouts | Full call number | Barcode | Date last seen | Price effective from | Koha item type |
|---|---|---|---|---|---|---|---|---|---|---|---|---|---|---|---|
| Koleksioni i përgjithshem | UBT - Lipjan | UBT - Lipjan | Disertacionet | 05/18/2018 | 043.3 Belegu,A 2014 | 002-3008336 | 05/18/2018 | 05/18/2018 | Books | ||||||
| Koleksioni i përgjithshem | UBT - Lipjan | UBT - Lipjan | Disertacionet | 05/18/2018 | 043.3 Belegu,A 2014 | 002-3008337 | 05/18/2018 | 05/18/2018 | Books | ||||||
| Koleksioni i përgjithshem | UBT - Lipjan | UBT - Lipjan | Disertacionet | 05/18/2018 | 043.3 Belegu,A 2014 | 002-3008338 | 05/18/2018 | 05/18/2018 | Books | ||||||
| Koleksioni i përgjithshem | UBT - Lipjan | UBT - Lipjan | Disertacionet | 05/18/2018 | 043.3 Belegu,A 2014 | 002-3008339 | 05/18/2018 | 05/18/2018 | Books |